000 01282 a2200229 4500
003 NUST
005 20221025130742.0
010 _a 93048883
020 _a0124604307 (acid-free paper)
040 _cNust
082 0 0 _a006.6,LUT
100 1 _aLuther, Arch C.
_975651
245 1 0 _aAuthoring interactive multimedia /
_cArch C. Luther.
260 _aBoston :
_bAP Professional,
_cc1994.
300 _axvii, 298 p. :
_bill. ;
_c24 cm. +
_e1 computer laser optical disc (4 3/4 in.)
440 4 _aThe IBM tools series
_9101344
505 _aIntroduction (Page 1),The Authoring Process (Page-17), Platforms and Operating Systems (Page- 31), Author Interfaces (Page-57), Authoring Languages (Page- 77), Still Images (Page- 95), Graphics and Text (Page-117), Audio and Video (Page-135), Animation (Page -155), Integrating Objects from Other Applications (Page -171), Choosing Authoring Tools (Page- 183), Using Your Authoring Tools (Page-207), Authoring Linear Presentations (Page- 219), Authoring for Training or Education (Page -229), Authoring for Information Delivery (Page- 237),Trends in Multimedia Authoring (Page- 247).
650 0 _aInteractive multimedia.
_931327
650 0 _aMultimedia systems.
_936511
650 0 _aSystem design.
_92255
942 _2ddc
_cBK
_k006.6,LUT
999 _c179997
_d179997